Symposium for evaluation of our education standards/ (Record no. 11823)

000 -LEADER
fixed length control field 00386nam a2200133Ia 4500
008 - FIXED-LENGTH DATA ELEMENTS--GENERAL INFORMATION
fixed length control field 190923s9999||||xx |||||||||||||| ||und||
100 ## - MAIN ENTRY--AUTHOR NAME
Personal name Patel, A. S., ed.
245 #0 - TITLE STATEMENT
Title Symposium for evaluation of our education standards/
260 ## - PUBLICATION, DISTRIBUTION, ETC. (IMPRINT)
Place of publication Baroda:
Name of publisher Centre of Advanced Study in Education,
Year of publication 1965
300 ## - PHYSICAL DESCRIPTION
Number of Pages 104
650 ## - SUBJECT ADDED ENTRY--TOPICAL TERM
Topical Term Education Standards
942 ## - ADDED ENTRY ELEMENTS (KOHA)
Koha item type Books
Holdings
Lost status Damaged status Not for loan Collection code Permanent Location Current Location Shelving location Full call number Accession Number Koha item type
        RIE AJMER LIBRARY RIE AJMER LIBRARY General Stacks 025.173 PAT-S 14404 Books

Powered by Koha